000
00308nam a22001337a 4500
008
181017b xxu||||| |||| 00| 0 eng d
020
_a
9780827350106
041
_a
eng
080
_2
4th
_a
610
100
_a
4
101
_a
SHM
245
_a
Introduction to Health Services
_c
Williams,S.J
942
_2
udc
_c
BK
999
_c
50051
_d
50051